| 000 | 01026nam a2200265Ia 4500 | ||
|---|---|---|---|
| 003 | OSt | ||
| 005 | 20221005104351.0 | ||
| 006 | a|||||r|||| 00| 0 | ||
| 007 | ta | ||
| 008 | 221004b |||||||| |||| 00| 0 hin d | ||
| 020 |
_a97888626069 (pbk) _cIndian Rupees 350 |
||
| 024 | _a68620 | ||
| 037 |
_bGift, 21/06/2021, _cTextual |
||
| 040 |
_aCRL _cCRL _bhin |
||
| 041 |
_2hin _ahin |
||
| 082 | _aP152:4:4k, Q0 | ||
| 100 | _aकृष्णदेव, ‘अरविन्द’, ले. | ||
| 245 | 0 | _aसंक्षिप्त हिन्दी शब्दभण्डार - दोहावली | |
| 246 | _aSankṣhipta hindī shabdabhaṇḍār - dohāvalī | ||
| 260 |
_aदिल्ली _bबिमला पब्लिशर्स भारत _c2010 |
||
| 300 |
_a396पृ0 _ccm. |
||
| 650 | _aहिन्दी भाषा | ||
| 942 |
_hP152:4:4k, Q0 _cTEXL _2cc |
||
| 999 |
_c1012478 _d1012478 |
||